000 00492nmm a2200169Ia 4500
008 251105s9999||||xx |||||||||||||||||und||
020 _a9788490072783
041 _aspa
100 _aPérez Galdós, Benito
245 0 _aEpisodios nacionales I. El 19 de marzo y el 2 de mayo.
264 _a[Madrid, España] :
_bLinkgua,
_c2013
300 _a194 páginas
490 _aNarrativa
650 _aSpanish narrative
856 _uhttps://public.digitaliapublishing.com/a/24079
942 _cCF
999 _c87230
_d87230